000 01079nam a2200277 i 4500
001 bg
245 0 0 _aSłownik terminów z zakresu informacji europejskiej występujących w dokumentach Unii Europejskiej /
_cBiblioteka Depozytowa Wspólnot Europejskich. Urząd Komitetu Integracji Europejskiej.
260 _aWarszawa :
_bUKIE. Departament Analiz Ekonomicznych i Społecznych,
_c2004.
300 _a137, [1] s. ;
_c24 cm.
500 _a17 poz. wydawnicza.
504 _aBibliogr. s. [6].
610 2 9 _aUnia Europejska
_xinformacja
_xterminologia
650 9 _aInformacja naukowa
_xterminologia
650 9 _aSłownik angielsko-polski
650 9 _aSłownik polsko-angielski
655 _aSłowniki
710 0 _aPolska
_bUrząd Komitetu Integracji Europejskiej
_bBiblioteka Depozytowa Wspólnot Europejskich
015 _aPB 11018/2005
020 _a8389972255
040 _cBPK
041 0 _apoleng
080 _a002(038)=111=162.1:[339.923:061.1A/Z](4-67)(038)=111=162.1
920 _a83-89972-25-5
942 _cKS
008 s pl f |000 0 pol
999 _c52628
_d52628
856 _uhttp://koha.tu.koszalin.pl/cgi-bin/koha/opac-detail.pl?biblionumber=52628
_yKatalog online BPK